|
|
|
|
| LEADER |
00000nam a22000005a 4500 |
| 001 |
vtls008182238 |
| 003 |
SK-MaSNL |
| 005 |
20260302003404.0 |
| 008 |
050701s2005 xo a fdc 000 0 slo |
| 015 |
|
|
|a SNBE2007/01-00471
|
| 020 |
|
|
|a 8080732744 (brož.)
|
| 040 |
|
|
|a SNK
|b slo
|c SNK
|e AACR2
|
| 041 |
0 |
|
|a slo
|
| 044 |
|
|
|a xo
|c SK
|
| 072 |
|
7 |
|a 74
|x Kreslenie. Dizajn. Úžitkové umenie a umelecké remeslá
|2 konspekt
|
| 072 |
|
7 |
|a 76
|x Grafické umenie. Grafika
|2 konspekt
|
| 080 |
|
|
|a 7.05:62
|x (085.5)
|2 2001
|
| 080 |
|
|
|a 658.512.2
|2 2001
|
| 080 |
|
|
|a 674.05
|2 2001
|
| 080 |
|
|
|a (085.5)
|2 2001
|
| 080 |
|
|
|a 74/76
|2 2001
|
| 245 |
0 |
0 |
|a Dizajn drevoobrábacích strojov
|b katedra dizajnu FU TU v Košiciach : ateliér dizajnu V. 2004/5
|
| 250 |
|
|
|a [1. vyd.]
|
| 260 |
|
|
|a Košice
|b Katedra dizajnu FU TU
|c 2005
|
| 300 |
|
|
|a 1 zlož. list
|b ilustr.
|c 21 cm
|
| 650 |
0 |
7 |
|a grafický dizajn
|2 SNKPH
|9 764
|
| 650 |
0 |
7 |
|a priemyselný dizajn
|2 SNKPH
|9 766
|
| 650 |
0 |
7 |
|a drevoobrábacie stroje
|2 SNKPH
|9 20223
|
| 655 |
|
7 |
|a prospekty
|2 SNKPH
|9 62175
|
| 919 |
|
|
|a 80-8073-274-4
|
| 999 |
|
|
|c 991783
|d 993713
|
| 952 |
|
|
|a SNK
|b SNK
|y PREZ
|7 0
|p 17A0476996
|o snkOSC 23178
|i snk2005/11496
|8 0
|0 0
|1 0
|4 0
|d 2005-07-01
|l 0
|r 2026-02-24 11:52:10
|w 2026-02-24
|
| 952 |
|
|
|a SNK
|b SNK
|y VYP
|7 0
|p 17A0476995
|o snkOSC 23178 D1
|i snk2005/11497
|8 0
|0 0
|1 0
|4 0
|d 2005-07-01
|l 0
|r 2026-02-24 11:52:10
|w 2026-02-24
|